00375nam a22001337a 450000500170000001000130001702000230003003500330005303700130008610000200009924500630011926000340018230000250021620181106172049.0 aB-168545 a0313324573c625.00 aB-168543, B-168544, B-168545 aDPLbENG aCordon, Luis A. aPopular psychology :bAn encyclopedia /cby Luis A. Cordon aLondonbGreenwood Pressc2005 axvii, 274p.c22 cms.